00440nam a2200133Ia 4500003000400000020001800004082001300022100002100035245008200056260002700138300001000165650002100175653011000196SGT a9788131700532 a6.3bFAU aFausett, Laurene aFundamentals of neural networks : architectures, algorithms, and applications bPearsonaN.Delhic2011 a467p. aCOMPUTER SCIENCE aSIMPLE NEURAL NETS FOR PATTERN CLASSIFICATION, PATTERN ASSOCIATION, NEURAL NETWORKS BASED ON COMPETITION